| 000 | 00357 a2200157 4500 | ||
|---|---|---|---|
| 001 | 75400 | ||
| 020 | _a9788526283497 | ||
| 040 | _cAnchieta - Colégio São Paulo | ||
| 100 | _aTwain, Mark | ||
| 240 | 1 | 0 |
_aO príncipe e o mendigo _lpor |
| 245 | 1 | 0 | _aO príncipe e o mendigo |
| 300 | _a48 | ||
| 362 | 0 | _a2003 | |
| 650 | 4 | _aLiteratura juvenil | |
| 942 | _cBK | ||
| 999 |
_c75400 _d75400 |
||